The last polar bear : (Record no. 1076)

MARC details
000 -LEADER
fixed length control field 00834cam a2200265 a 4500
005 - DATE AND TIME OF LATEST TRANSACTION
control field 20260322212046.0
008 - FIXED-LENGTH DATA ELEMENTS--GENERAL INFORMATION
fixed length control field data
010 ## - LIBRARY OF CONGRESS CONTROL NUMBER
LC control number 2007035265
020 ## - INTERNATIONAL STANDARD BOOK NUMBER
International Standard Book Number 9781594850592 (hb)
020 ## - INTERNATIONAL STANDARD BOOK NUMBER
International Standard Book Number 1594850593
040 ## - CATALOGING SOURCE
Original cataloging agency DLC
Transcribing agency DLC
Modifying agency DLC
050 00 - LIBRARY OF CONGRESS CALL NUMBER
Classification number QL737.C27
Item number K39 2008
082 00 - DEWEY DECIMAL CLASSIFICATION NUMBER
Classification number 599.786
Edition information 22
092 ## - LOCALLY ASSIGNED DEWEY CALL NUMBER (OCLC)
Classification number 599.786 K39 2008
001 - CONTROL NUMBER
control field data
100 1# - MAIN ENTRY--PERSONAL NAME
Personal name Kazlowski, Steven.
245 14 - TITLE STATEMENT
Title The last polar bear :
Remainder of title facing the truth of a warming world /
Statement of responsibility, etc. Steven Kazlowski & Theodore Roosevelt.
250 ## - EDITION STATEMENT
Edition statement 1st ed.
260 ## - PUBLICATION, DISTRIBUTION, ETC.
Place of publication, distribution, etc. Seattle, WA :
Name of publisher, distributor, etc. Mountaineers Books,
Date of publication, distribution, etc. 2008.
300 ## - PHYSICAL DESCRIPTION
Extent 207 p. :
Other physical details col. ill., col. maps ;
Dimensions 27 x 31 cm.
504 ## - BIBLIOGRAPHY, ETC. NOTE
Bibliography, etc. note Includes bibliographical references (p. 203-205) and index.
650 #0 - SUBJECT ADDED ENTRY--TOPICAL TERM
Topical term or geographic name entry element Polar bear
General subdivision Climatic factors.
650 #0 - SUBJECT ADDED ENTRY--TOPICAL TERM
Topical term or geographic name entry element Polar bear
Form subdivision Pictorial works.
700 1# - ADDED ENTRY--PERSONAL NAME
Personal name Roosevelt, Theodore.
Holdings
Withdrawn status Lost status Damaged status Not for loan Home library Current library Shelving location Date acquired Total checkouts Full call number Barcode Date last seen Price effective from Koha item type
        Centerville Centerville General stacks 22/03/2026   599.786 22 BC0011110 22/03/2026 22/03/2026 Books